Países más meridionales por continente - Estadísticas

Estadísticas generales
  • Esta prueba ha sido intentada 4.326 veces
  • La puntuación promedio es 25 de 30
Estadísticas de respuestas
Continente Latitud País % Correcto
Europa 36°00' N España
96%
América del Sur 55°04' S Argentina
95%
Europa 35°30' N Italia
95%
Oceanía 54°47' S Australia
94%
América del Sur 56°30' S Chile
94%
África 46°59' S Sudáfrica
94%
América del Sur 33°45' S Brasil
93%
Europa 34°49' N Grecia
93%
Oceanía 52°37' S Nueva Zelanda
93%
América del Sur 35°02' S Uruguay
93%
América del Sur 27°36' S Paraguay
92%
Europa 36°57' N Portugal
91%
Asia 11°00' S Indonesia
90%
Europa 35°47' N Malta
89%
América del Norte 7°11' N Panamá
89%
África 30°40' S Lesoto
86%
América del Norte 5°31' N Costa Rica
84%
Asia 0°51' N Malasia
83%
África 26°54' S Esuatini
82%
África 28°58' S Namibia
80%
América del Norte 10°43' N Nicaragua
77%
Asia 1°09' N Singapur
76%
África 26°52' S Botsuana
75%
Oceanía 21°02' S Fiyi
75%
Asia 9°30' S Timor Oriental
74%
América del Norte 10°02' N Trinidad y Tobago
73%
Oceanía 20°15' S Vanuatu
70%
Oceanía 22°21' S Tonga
68%
América del Norte 11°59' N Granada
63%
Asia 0°42' S Maldivas
60%
No se encontraron pruebas coincidentes
Distribución de puntuación
Porcentaje de gente con cada puntuación
Porcentaje por número respondido
Historial de tus puntuaciones
No has intentado esta prueba.